| 000 | 00727nam a22001937a 4500 | ||
|---|---|---|---|
| 005 | 20180219141517.0 | ||
| 010 | _aB-689581 | ||
| 020 | _c150.00 | ||
| 035 | _aB-689581 | ||
| 037 |
_adpl _bKKP |
||
| 082 | _a342.595082 | ||
| 245 | _aThe passports act, 1967 / | ||
| 260 |
_aDelhi _bUniversal Law Publishing _c2018 |
||
| 270 |
_aLexisNexis, 14th Floor, Building No.10, DLF Cyber City, Phase-II _bGurgaon _e122002 |
||
| 300 |
_aii,147p. _c23cm(pbk) |
||
| 505 | _a(Rashtrapati Bhawan) | ||
| 942 |
_2ddc _cEN _mPAS _h342.595082 |
||
| 999 |
_c150008 _d150008 |
||